=LDR 00000nam 2200000 4500 =001 INLIS000000000002696 =005 20130612091024 =008 ***********************************Ind** =035 ##$$0010-061300000002696 =041 ##$$a Ind =082 ##$$a R.351.72 =090 ##$$a R.351.72, Ind =245 ##$$a Kepres no.17 tahun 2000 tentang pelaksanaan anggaran pendapatan dan belanja negara dan Kepres no.18 tahun 2000 tentang pedoman pelaksanaan pengadaan barang/jasa Instansi Pemerintah th.2000 =260 ##$$a 2000 $b Jakarta =300 ##$$a vi,142 hlm, 20 cm =650 ##$$a Anggaran Pendapatan dan Belanja Negara =650 ##$$a Undang-Undang dan Peraturan =850 ##$$a NBPNMAT